000 00669cam a2200229 4500500
005 20260329005713.0
041 _afre
042 _adc
100 1 0 _aPerragin, Charles
_eauthor
245 0 0 _aPoutine, Sun Tzu et la guerre de l’information
260 _c2024.
500 _a23
690 _aDavid Chavalarias
690 _aIngérence
690 _aPolitique
690 _aPoutine
690 _aRéseaux sociaux
690 _aSun Tzu
690 _aSunzi
786 0 _nPhilosophie magazine | 182 | 9 | 2024-09-01 | p. 12-12 | 1951-1787
856 4 1 _uhttps://shs.cairn.info/magazine-philosophie-magazine-2024-9-page-12?lang=fr&redirect-ssocas=7080
999 _c1845779
_d1845779